000 00638nam a2200193 i 4500
001 20918
003 ES-MaACL
005 20240418063057.0
007 t|
008 021119s1880 sp ||||1| spa d
100 1 _aAlarcón, Pedro Antonio de,
_d1833-1891
_919134
245 1 0 _aDiario de un testigo de la guerra de Africa /
_cpor Pedro Antonio de Alarcón.
250 _a2ª ed., corr.
260 _aMadrid :
_b[s.n.],
_c1880 (
_fImp. Víctor Saiz)
300 _a3 v. ;
_c19 cm.
650 0 4 _aGuerra hispano-marroquí, 1859-1860-
_vRelatos personales.
_913210
852 _aES-MaACL
_jR-3327-29
999 _c20918
_d20918